000 00509nam a2200157 4500
008 161215b xxu||||| |||| 00| 0 eng d
022 _a0893-8989
082 _aDPer 363.205 P75 May-Dec 2015 V. 39
100 _918330
_aBasich, Melanie
245 _aWhat retirements really like/
_cMelanie Basich.
260 _aCalifornia:
_bBobit Business Media,
_cc2015.
300 _aV39 n6, pages 62-65;
_c28 cm.
500 _aPolice: the law enforcement magazine.
650 0 _918331
_aRetirement
942 _2ddc
_cPER
999 _c6045
_d6045